| 000 | 00335nam a2200109 4500 | ||
|---|---|---|---|
| 008 | 180215b xxu||||| |||| 00| 0 eng d | ||
| 245 | _aTop business leaders close ranks for disaster risk reduction. | ||
| 260 |
_aPhilippines _bThe Philippine Star _cc2016 |
||
| 300 | _apage B-9. | ||
| 650 | 0 |
_926576 _aDisaster management. |
|
| 942 |
_2ddc _cPER |
||
| 999 |
_c8695 _d8695 |
||